| 000 | 01021cam a2200253 4500 | ||
|---|---|---|---|
| 001 | ABS66469 | ||
| 008 | 030226n2003 000 0 eng u | ||
| 035 | _a(Sirsi) u121443 | ||
| 100 | _aMurdoch, J. | ||
| 245 | _aAgents come under fire | ||
| 260 | _c2003 | ||
| 490 |
_aEstates Gazette _v(0308) 22 February 2003, 127(1) |
||
| 520 | _aDiscusses "John D Wood and Co (Residential and Agricultural) Ltd v Knatchbull" (QBD Abs66468). An estate agent who failed to inform his client of a higher price on a comparable property had failed in his duty of care in marketing the property. It has important implications for estate agents and chartered surveyors who sell property for clients. | ||
| 590 | _aABS | ||
| 650 | _aJOHN D WOOD AND CO (RESIDENTIAL AND AGRICULTURAL) LTD V KNATCHBULL | ||
| 650 | _aNEGLIGENCE | ||
| 650 | _aDUTY OF CARE | ||
| 650 | _aDAMAGES | ||
| 650 | _aESTATE AGENTS | ||
| 650 | _aDUTY OF CARE | ||
| 650 | _aLIABILITY | ||
| 690 | _aPROFESSIONAL PRACTICE-NEGLIGENCE-CASE LAW | ||
| 942 | _n0 | ||
| 999 |
_c72166 _d72166 |
||